| 000 | 00919nam a22002417a 4500 | ||
|---|---|---|---|
| 005 | 20240530110553.0 | ||
| 008 | 160222s2012 ua a g b 000 0 ara d | ||
| 017 |
_a2011/21523 _bمصر . دار الكتب المصرية |
||
| 020 | _a9772328542 | ||
| 040 | _aEG-CaGPL | ||
| 082 | 0 | 4 |
_221 _a155.23\ _bع ش |
| 100 | 0 | _aعلا عبدالباقى ابراهيم . | |
| 245 | 1 | 0 |
_aشخصية الانسان : _bتوازنها و تكاملها و وقايتها من الانحراف و الاضطراب / _cعلا عبدالباقى ابراهيم . |
| 250 | _aط1. | ||
| 260 |
_aالقاهرة : _bعالم الكتب ، _c2013 . |
||
| 300 |
_a268 ص ؛ _c24 سم . |
||
| 504 | _aببليوجرافية : ص 263 - 268 | ||
| 650 | 0 | 4 |
_aالشخصية _xاضطرابات . |
| 650 | 0 | 4 | _aالطب النفسى . |
| 650 | 0 | 4 | _aالشخصية . |
| 942 |
_2ddc _cBK |
||
| 999 |
_c62501 _d62501 |
||